Investigación de mercados (Registro nro. 29370)
[ vista simple ]
| 000 -LÍDER | |
|---|---|
| fixed length control field | 00558nam a22002177a 4500 |
| 003 - IDENTIFICADOR DEL NÚMERO DE CONTROL | |
| control field | ITZ |
| 005 - FECHA Y HORA DE LA ULTIMA TRANSACCIÓN | |
| Campo de control | 20240409171215.0 |
| 008 - ELEMENTOS DE LONGITUD FIJA -- INFORMACIÓN GENERAL | |
| fixed length control field | 240409b |||||||| |||| 00| 0 spa d |
| 020 ## - NÚMERO INTERNACIONAL NORMALIZADO PARA LIBROS | |
| ISBN | 978-607-481-528-3 |
| 035 ## - Número de ficha (Janium) | |
| Número de ficha (Janium) | 17754 |
| 041 ## - CÓDIGO DE IDIOMA | |
| Código de idioma para texto/pista de sonido o título separado | SPA |
| 050 ## - SIGNATURA TOPOGRAFICA DE LA BIBLIOTECA DEL CONGRESO (LC) | |
| Número de Clasificación | HF5415 |
| Cutter | M2618 2011 |
| 082 ## - NUMERO DE CLASIFICACION DECIMAL DEWEY | |
| Número de Clasificación | 658.8 |
| Cutter | M316i 2011 |
| 100 1# - ASIENTO PRINCIPAL--NOMBRE PERSONAL | |
| Nombre personal | McDaniel, Carl |
| 245 ## - TÍTULO | |
| Título | Investigación de mercados |
| Mención de responsabilidad, etc. | Carl McDaniel |
| 250 ## - MENCIÓN DE EDICIÓN | |
| Mención de edición | 8a Ed. |
| 260 ## - PUBLICACIÓN, DISTRIBUCIÓN, ETC. (PIE DE IMPRENTA) | |
| Lugar de publicación, distribución, etc. | México: |
| Nombre del editor, distribuidor, etc. | Cengage Learning, |
| Fecha de publicación, distribución, etc. | 2011 |
| 300 ## - DESCRIPCIÓN FÍSICA | |
| Extensión | xxx, 694 p. |
| Otros detalles físicos | il. / |
| Dimensiones | 27 cm. |
| 650 ## - ASIENTO SECUNDARIO DE MATERIA - TERMINO TEMÁTICO | |
| Término temático o nombre geográfico como elemento de entrada | 1. MERCADOTECNIA |
| 942 ## - TIPO DE MATERIAL (KOHA) | |
| Koha item type | Libros |
| No. biblioteca | No. biblioteca | Número de clasificación | Código de barras/Número de adquisición | Número de copia | Tipo de material | Otras carreras |
|---|---|---|---|---|---|---|
| INGENIERÍA EN ADMINISTRACIÓN | LUIS G. INCLAN | 658.8 M316i 2011 | 54826 | 1 | Libros | LUIS G. INCLAN |
